What emerges from the force of our fists: Clinical approach to the extreme traumas of migratory journeys via psychoboxing (notice n° 1671735)
[ vue normale ]
| 000 -LEADER | |
|---|---|
| fixed length control field | 01495cam a2200157 4500500 |
| 005 - DATE AND TIME OF LATEST TRANSACTION | |
| control field | 20260301000515.0 |
| 041 ## - LANGUAGE CODE | |
| Language code of text/sound track or separate title | fre |
| 042 ## - AUTHENTICATION CODE | |
| Authentication code | dc |
| 100 10 - MAIN ENTRY--PERSONAL NAME | |
| Personal name | Jay, Emmanuelle |
| Relator term | author |
| 245 00 - TITLE STATEMENT | |
| Title | What emerges from the force of our fists: Clinical approach to the extreme traumas of migratory journeys via psychoboxing |
| 260 ## - PUBLICATION, DISTRIBUTION, ETC. | |
| Date of publication, distribution, etc. | 2026.<br/> |
| 500 ## - GENERAL NOTE | |
| General note | 21 |
| 520 ## - SUMMARY, ETC. | |
| Summary, etc. | Aging suits simulating physical declines in aging have been created in order to better understand difficulties encountered by older adults. These tools could be interesting in the study of aging cognitive processes. According to embodied cognition theories, sensorimotor and cognitive declines in aging could be linked. This methodological review (1) describes the aging suits equipment used to simulate sensorimotor declines during aging, (2) explores the idea that aging suits could highlight a decrease in cognitive performance in young adults, approaching older adults’ cognitive performance, and (3) underlines the missing elements in the literature and the factors to be taken into account in order to develop future studies of cognitive processes using these aging suits. Studying the embodied links between sensorimotor and cognitive aging using these tools could support our knowledge on aging as well as the care of aging people. |
| 786 0# - DATA SOURCE ENTRY | |
| Note | Le Coq-héron | 263 | 4 | 2026-02-04 | p. 167-177 | 0335-7899 |
| 856 41 - ELECTRONIC LOCATION AND ACCESS | |
| Uniform Resource Identifier | <a href="https://shs.cairn.info/journal-le-coq-heron-2025-4-page-167?lang=en&redirect-ssocas=7080">https://shs.cairn.info/journal-le-coq-heron-2025-4-page-167?lang=en&redirect-ssocas=7080</a> |
Pas d'exemplaire disponible.




Réseaux sociaux